000 00280nam a2200109Ia 4500
008 200302s9999 xx 000 0 und d
100 _aTed Ruddock
245 _aArch Bridges and Their Builders 1735-1835
260 _bCambridge University Press
260 _c1979
300 _a254 P.,
999 _c2256
_d2256